000 00701ngm a22002171 4500
001 0000008958
005 20151217161726.0
007 vf cbahou
008 080624s xx--- vleng d
020 _cKES 600
040 _aKABU
_cKABU
245 0 0 _a3 Real-life dramas on: substance abuse among youth
_h[videorecording] :
260 _aNairobi :
_bUkweli Video,
_c[2006]
300 _a1 videocassette (63 min.) :
_bsd., col ;
_c1/2 in.
505 0 _aEnslaved to death by drugs (29 min) - Jack & I (19 min) - Have your last puff (16 min)
538 _aVHS.
650 0 _aDrug abuse.
_@0000153127
908 _a080624
950 _@1
999 _c15539
_d15539